000 00373nam a2200145Ia 4500
008 240624s9999 xx 000 0 und d
041 _aeng
082 _a519.5 BLA
100 _aBLACK KEN
245 _aBUSINESS STATISTICS FOR CONTEMPORARY DEC
250 _a(4th ed.)
260 _c2007
_aNew Delhi
_bWiley India
300 _axxix, : 826 : p. : cm. ; 23
365 _cRS
_b35
999 _c8584
_d8584